| 000 | 01154cam a22003012 4500 | ||
|---|---|---|---|
| 001 | 21670 | ||
| 003 | BD-RjUL | ||
| 005 | 20211209000720.0 | ||
| 008 | 140305r19651961enk 000 1 eng d | ||
| 035 |
_aOCLC ocm01343631 from D970121M _a(BD-RjUL)21735 |
||
| 040 |
_aFGM _cFGM _dOCL _dEQO _dBD-RjUL _beng |
||
| 041 | _aeng | ||
| 082 |
_a823 _bTHV 1965 |
||
| 090 |
_aAC1. _bE8 no. 507-508 |
||
| 100 | 1 |
_aThackeray, William Makepeace, _d1811-1863. _966927 |
|
| 245 | 1 | 4 |
_aThe Virginians / _c W. M. Thackeray ... _nVOLUME ONE |
| 260 |
_aNew York : _aLondon : _bJ.M. Dent & sons, _c1961 [reprinted 1965] |
||
| 300 |
_a1 v. (xii,402 p.) : _c18 cm. |
||
| 490 | 1 |
_aEveryman's library. Fiction ; _v[no. 507-508] |
|
| 500 | _a"First issue of this edition, 19ll; reprinted ... 1961" | ||
| 504 | _aBibliography: p. xi-xii. | ||
| 651 | 0 |
_aGreat Britain _xHistory _yGeorge II, 1727-1760 _xFiction. _963635 |
|
| 651 | 0 |
_aUnited States _xHistory _yFrench and Indian War, 1754-1763 _vFiction. _951518 |
|
| 651 | 0 |
_aUnited States _xHistory _yRevolution, 1775-1783 _vFiction. _963636 |
|
| 830 | 0 |
_v[no. 507-508] _966934 |
|
| 830 | 0 |
_aEveryman's library. _966935 |
|
| 942 |
_2ddc _cBK |
||
| 999 |
_c21670 _d21670 |
||